00537nam a2200145Ia 4500008004100000020002200041100001900063245006500082260003400147300002600181650002000207650002600227999001900253952011900272200924s9999 xx 000 0 und d a978-971-98-1188-6 aHansen, Don R. cDon R. Hansen, Maryanne M. MowenaStrategic cost management/ aManila:bC&E Publishingc2019 avi, 490 pagesc25 cm. aCost accounting aManagerial accounting c364469d364469 001040aCLbCLcRESd2020-09-24eLibrary fundl0oHF 5686 .H249 2019pC22578r2020-09-24 00:00:00w2020-09-24yBK